| 000 | 00732 a2200181 4500 | ||
|---|---|---|---|
| 003 | NUST | ||
| 005 | 20230301141557.0 | ||
| 040 | _cNust | ||
| 082 | _a327,BOK | ||
| 100 |
_aBokhari, Imtaiz H _9105004 |
||
| 245 |
_aManagement of third world crises in adverse partnership : _btheory and practice / _cImtaiz H Bokhari |
||
| 260 |
_aArmy Education Publishing House _bPakistan _c2001 |
||
| 300 |
_axx, 333 p.: _billus _c24 cm |
||
| 505 | _aPart 1: Theory (Page-3), Part 2: Practice Case in Crisis Management (Page-47), Part 3: Conclusion Theory and Practice (Page-275). | ||
| 600 |
_aImtaiz H Bokhari _9105005 |
||
| 650 |
_aManagement of third world crises in adverse partnership theory and practice _9105006 |
||
| 942 |
_2ddc _cBK _k327,BOK |
||
| 999 |
_c184087 _d184087 |
||